000 00316nam a2200133 i 4500
001 bg
100 1 _aPORSZNIEW, F. B.
245 0 _aSocjalnaja psichologija i istorija /
_cF.B. Porszniew.
260 _aMoskwa,
_c1979.
040 _cBPK
041 _apol
942 _cKS
008 s pl f |000 0 pol
999 _c19196
_d19196
856 _uhttp://koha.tu.koszalin.pl/cgi-bin/koha/opac-detail.pl?biblionumber=19196
_yKatalog online BPK